Kvalita je vlastnosť, ktorú neurčuje podnik, ale definuje trh
Chápanie pojmu kvalita v súčasnosti a v minulosti. Kvalitu výrobku hodnotí zákazník, teda trh. Podnik a kvalita - uplatňovanie noriem ISO 9000, snaha získať certifikát kvality. Náklady na získanie kvality. Význam vzdelávania v oblasti kvality.
Uložené v:
| Hlavný autor: | |
|---|---|
| Ďalší autori: | |
| Médium: | Kapitola |
| Jazyk: | Slovak |
| Predmet: | |
| Tagy: |
Žiadne tagy, Buďte prvý, kto otaguje tento záznam!
|
MARC
| LEADER | 00000naa a2200000 4500 | ||
|---|---|---|---|
| 001 | r028233 | ||
| 005 | 20230921082059.3 | ||
| 041 | 0 | |a slo | |
| 044 | |a SK | ||
| 245 | 1 | 0 | |a Kvalita je vlastnosť, ktorú neurčuje podnik, ale definuje trh |c M. Zafka, M. Šimunič |
| 520 | |a Chápanie pojmu kvalita v súčasnosti a v minulosti. Kvalitu výrobku hodnotí zákazník, teda trh. Podnik a kvalita - uplatňovanie noriem ISO 9000, snaha získať certifikát kvality. Náklady na získanie kvality. Význam vzdelávania v oblasti kvality. | ||
| 610 | 2 | 0 | |a kvalita |
| 610 | 2 | 0 | |a kvalita výrobkov |
| 610 | 2 | 0 | |a podnik |
| 610 | 2 | 0 | |a ISO 9000 |
| 610 | 2 | 0 | |a systém riadenia kvality |
| 610 | 2 | 0 | |a certifikáty |
| 610 | 2 | 0 | |a náklady |
| 610 | 2 | 0 | |a podnik malý |
| 100 | 1 | |a Zafka, M. | |
| 700 | 1 | |a Šimunič, M. | |